| 000 | 00434nam a22001697a 4500 | ||
|---|---|---|---|
| 005 | 20160520104314.0 | ||
| 008 | 160520b xxu||||| |||| 00| 0 eng d | ||
| 020 | _a978-81-317-3266-6 | ||
| 041 | _aeng | ||
| 082 | _b3389 | ||
| 100 |
_aSenion J.M. _9850 |
||
| 245 | _aOptical fiber communication principles & practions | ||
| 260 |
_aDelhi _bPearson Education, |
||
| 300 | _a1076 | ||
| 650 |
_aDIPLOMA ENGINEERING _9817 |
||
| 942 | _cBK | ||
| 999 |
_c1165 _d1165 |
||